The Strokes Lyrics - Trying Your Luck - Statistics

General Stats
  • This quiz has been taken 29 times
  • The average score is 173 of 213
Answer Stats
Lyrics % Correct
a
100%
I
100%
me
100%
me,
100%
You
100%
you
100%
And
94%
and
94%
it
94%
It
94%
my
94%
No
94%
Oh,
94%
oh,
94%
oh
94%
that
94%
That
94%
way
94%
When
94%
your
94%
all
89%
be
89%
before,
89%
for
89%
I'll
89%
In
89%
it's
89%
It's
89%
luck
89%
on
89%
one
89%
said
89%
see
89%
side,
89%
the
89%
The
89%
this
89%
try
89%
we
89%
again
83%
am
83%
but
83%
couldn't
83%
don't
83%
find
83%
he's
83%
He's
83%
I'm
83%
is
83%
know
83%
life
83%
lost
83%
out
83%
that's
83%
to
83%
trying
83%
who
83%
with
83%
chance,
78%
chance
78%
his
78%
honey,
78%
I've
78%
I"ve
78%
okay
78%
stay
78%
were
78%
You've
78%
agree
72%
alarms
72%
armed
72%
just
72%
of
72%
anywhere
67%
Believe
67%
friends
67%
give
67%
good
67%
hope
67%
Instead
67%
job
67%
never
67%
night
67%
not
67%
sad,
67%
set
67%
Setting
67%
then
67%
think
67%
what
67%
about
61%
change
61%
gonna
61%
harm,
61%
off
61%
own
61%
right
61%
sale
61%
same
61%
seem
61%
seen
61%
sorry
61%
tell
61%
their
61%
time
61%
trap
61%
At
56%
lasts
56%
least
56%
page
56%
signals
56%
surreal,
50%
can't
44%
Let's
44%
sold
44%
rarely
39%
fronts
33%
here
33%
store
33%
Entranced,
11%
No matching quizzes found
Score Distribution
Percent of People with Each Score
Percentile by Number Answered
Your Score History
You have not taken this quiz